00330nam a2200133Ia 4500008004000000020001800040082001700058100002100075245002400096250000500120260003900125300001500164650001700179210210b1999 xxu||||| |||| 00| 0 eng d a0 7167 2009 4 a574.192 STRB aSTRYER (Lubert). aBiochemistry. Ed 4. a aNew YorkbW.H. Freeman & Co.c1999 axxxiv,1064 aBiochemistry